[Event "Sao Paulo STD U2000 op"]
[Site "Sao Paulo"]
[Date "2025.04.27"]
[Round "6"]
[White "Nakata, Thifanni Harumi"]
[Black "Zambon, Lucas Navarro"]
[Result "1-0"]
[WhiteElo "1841"]
[BlackElo "1898"]
[PlyCount "149"]
[EventDate "2025.04.24"]
[EventType "swiss"]
[EventRounds "6"]
[EventCountry "BRA"]
[SourceTitle "CB18_2025"]
[SourceDate "2025.04.30"]
[SourceVersion "1"]
[SourceVersionDate "2025.04.30"]
[SourceQuality "1"]

1. d4 Nf6 2. c4 g6 3. Nc3 d5 4. Nf3 Bg7 5. Qb3 dxc4 6. Qxc4 a6 7. e4 b5 8. Qb3 Bb7 9. e5 Nd5 10. Be2 0-0 11. 0-0 Nxc3 12. Qxc3 Nd7 13. Be3 Nb6 14. Qc5 h6 15. Rfc1 Rc8 16. b4 Qd7 17. Rd1 Rfd8 18. Rac1 e6 19. Qc2 Qe7 20. a3 Bd5 21. Nd2 Kh7 22. h3 Rd7 23. Nb3 Bxb3 24. Qxb3 c6 25. Rc5 Bf8 26. Rdc1 Rdc7 27. Qb1 Qd7 28. R5c2 Nd5 29. Bf3 a5 30. Bxd5 Qxd5 31. Qb2 axb4 32. axb4 Ra8 33. Bd2 Ra4 34. Ra1 Rca7 35. Rcc1 Ra2 36. Rxa2 Qxa2 37. Rc2 Qa1+ 38. Kh2 Qxb2 39. Rxb2 Ra3 40. Kg1 Rd3 41. Be3 Rd1+ 42. Kh2 Be7 43. g3 Bg5 44. Kg2 Bxe3 45. fxe3 Rd3 46. Kf3 Rc3 47. h4 Rc1 48. Ke4 Kg7 49. Kf3 h5 50. Ke4 Rc4 51. Kd3 Kf8 52. Rc2 Rxb4 53. Rxc6 Rb3+ 54. Rc3 Rb2 55. e4 Rg2 56. Rc8+ Ke7 57. Rb8 Rxg3+ 58. Kd2 Rg4 59. Rb7+ Ke8 60. Ke3 Rxh4 61. Rxb5 Rh3+ 62. Kf4 Rd3 63. d5 exd5 64. exd5 Rd4+ 65. Kg5 h4 66. d6 h3 67. Rb8+ Kd7 68. Rb7+ Kc6 69. Rxf7 h2 70. Rh7 Rd2 71. Kxg6 Kd5 72. Kf6 Ke4 73. e6 Kf3 74. d7 Kg2 75. Ke7 1-0

[Event "Sao Paulo STD U2000 op"]
[Site "Sao Paulo"]
[Date "2025.04.25"]
[Round "3"]
[White "Zambon, Lucas Navarro"]
[Black "Amaral, Danilo Tokechi"]
[Result "1-0"]
[WhiteElo "1898"]
[BlackElo "1716"]
[PlyCount "67"]
[EventDate "2025.04.24"]
[EventType "swiss"]
[EventRounds "6"]
[EventCountry "BRA"]
[SourceTitle "CB18_2025"]
[SourceDate "2025.04.30"]
[SourceVersion "1"]
[SourceVersionDate "2025.04.30"]
[SourceQuality "1"]

1. d4 Nf6 2. c4 g6 3. f3 Bg7 4. e4 d6 5. Nc3 0-0 6. Be3 Na6 7. Qd2 c5 8. Nge2 Be6 9. d5 Bd7 10. g4 Nc7 11. Ng3 a6 12. h4 b5 13. h5 bxc4 14. Bh6 Nb5 15. Bxg7 Kxg7 16. hxg6 fxg6 17. Qh6+ Kg8 18. g5 Rf7 19. gxf6 exf6 20. Bxc4 Nd4 21. Kf2 Rb8 22. b3 g5 23. Nce2 Bb5 24. Nxd4 cxd4 25. Bxb5 axb5 26. Nf5 Qb6 27. Qh2 Rd7 28. Rad1 Rc8 29. Kg3 Rc3 30. Nxd4 g4 31. Kxg4 f5+ 32. Nxf5 Qa7 33. Kf4 Rf7 34. Qg1+ 1-0